Nejde o monopol, ale o pořádek Zákony i do vodní dopravy

Rozhovor s riaditeľom Slovenskej plavby dunajskej (SPD - Dunajplavba) J. Pavelekom o problémoch Dunajplavby. Problémy, ktoré vznikli rozdelením republiky. Straty, ktoré spôsobila Dunajplavbe vojna v Juhoslávii. Privatizácia, prerušená splavnosť dolného Dunaja, otvorenie dopravného trhu pre cudzie pl...

ver descrição completa

Na minha lista:
Detalhes bibliográficos
Autor principal: Pavelek, J.
Outros Autores: Zábojníková, M.
Formato: Capítulo de Livro
Idioma:tcheco
Assuntos:
Tags: Adicionar Tag
Sem tags, seja o primeiro a adicionar uma tag!

MARC

LEADER 00000naa a2200000 4500
001 r016034
005 20221213081948.1
041 0 |a cze 
044 |a CZ 
245 1 0 |a Nejde o monopol, ale o pořádek  |b Zákony i do vodní dopravy  |c J. Pavelek, M. Zábojníková 
520 |a Rozhovor s riaditeľom Slovenskej plavby dunajskej (SPD - Dunajplavba) J. Pavelekom o problémoch Dunajplavby. Problémy, ktoré vznikli rozdelením republiky. Straty, ktoré spôsobila Dunajplavbe vojna v Juhoslávii. Privatizácia, prerušená splavnosť dolného Dunaja, otvorenie dopravného trhu pre cudzie plavidlá. Nedostatočná legislatíva. 
610 2 0 |a doprava vodná 
610 2 0 |a zákony 
610 2 0 |a privatizácia 
610 2 0 |a Dunaj 
610 2 0 |a Slovenská plavba dunajská 
100 1 |a Pavelek, J. 
700 1 |a Zábojníková, M.